00201nam a2200073Ia 4500008004100000020000600041100001800047245006200065211105s9999 xx 000 0 und d a" a LONG, Laura  0aKnitted toy tales : irresistible characters for all ages